000 00483 a2200181 4500
003 OSt
005 20231220123525.0
008 160905b xxu||||| |||| 00| 0 eng d
020 _a0706997778
040 _c0
082 _a658.15
_bPAN
100 _aPinches,George E.
_9119788
245 _aEssentials of Financial Management
_cGeorge E.Pinches
250 _a5th.
260 _aNew Delhi, India
_bVikas Publishing House
_c1995
300 _a486
942 _aNBS
_cBK
_k65.15 PIN
_2ddc
999 _c345103
_d345103